Les 200 plus grandes villes de France en Grand Est - Statistiques

Statistiques générales
  • Ce quiz a été pris 388 fois
  • Le résultat moyen est 8 sur 10
Statistiques - réponses
Ville
Population
(en milliers)
% Correct
8 Strasbourg 287
99%
32 Metz 118
98%
41 Nancy 105
96%
39 Mulhouse 108
89%
12 Reims 181
88%
74 Colmar 68
86%
90 Troyes 61
76%
145 Charleville Mézières 46
63%
161 Châlons en Champagne 44
56%
183 Thionville 40
51%
Aucun quiz correspondant
Distribution des résultats
% des personnes avec chaque résultat
Percentile par nombre de réponses
Votre historique - résultats
Vous n’avez pas pris ce quiz